Applying software metrics

Αποθηκεύτηκε σε:
Λεπτομέρειες βιβλιογραφικής εγγραφής
Άλλοι συγγραφείς: Oman, Paul W., Pfleeger, Shari Lawrence
Μορφή: Βιβλίο
Γλώσσα:English
Δημοσίευση: Los Alamitos, California : IEEE computer society press, c1997
Θέματα:
Ετικέτες: Προσθήκη ετικέτας
Δεν υπάρχουν, Καταχωρήστε ετικέτα πρώτοι!

MARC

LEADER 00000nam a2200000 i 4500
001 1/83693
008 990608s1997 eng d
020 |a 0-8186-7645-0 
035 |l 10051414 
040 |a GR-MY-UA  |b gre  |e aacr 
041 0 |a eng 
082 0 |a 005.14 
245 1 0 |a Applying software metrics /  |c [compiled by] Paul Oman, Shari Lawrence Pfleeger 
260 |a Los Alamitos, California :   |b IEEE computer society press,   |c c1997 
300 |a xiii, 321 p.;  |b ill.;  |c 28 cm. 
500 |a Includes bibliographical references 
650 0 0 |a Computer software  |x Quality control. 
700 1 |a Oman, Paul W. 
700 1 |a Pfleeger, Shari Lawrence. 
852 |a INST  |b SAMOS  |e 19990608  |h 005.14 APP  |p 005300012594  |q 005300012594  |t BK  |y 0 
901 |a BIBL3-1999-2 
909 |a Σ  |b 065491 
922 |a 3ΕΛΗ  |b 199812  |c ΤΠΕΣ  |d ΠΑΠΑΣΩΤΗΡΙΟΥ